Historical Chinese - Statistics

General Stats
  • This quiz has been taken 114 times
  • The average score is 8 of 17
Answer Stats
Hint Answer % Correct
Known for his "Great Leap Forward" Mao Zedong
97%
Philosopher who shaped the basis of East Asian culture Confucius
96%
Grandson of Genghis Khan who founded the Yuan Dynasty Kublai Khan
88%
Author of "The Art of War" Sun Tzu
78%
Founder of Taoism Laozi
76%
First emperor to unite China in 247 B.C; responsible for the construction of the Great Wall and the Terracotta Army Qin Shi Huang
68%
Paramount leader of China after the above's death; coined as the "Architect of Modern China" Deng Xiaoping
58%
Last emperor of China and the Qing Dynasty, also known as the leader of the Manchukuo puppet state Puyi
42%
Lead great territorial expansion for China and greatly expanded cultural contact with the western world Wu of Han
40%
An explorer, mariner and diplomat who expedited treasure voyages around Asia and Eastern Africa Zheng He
34%
An empress dowager who supervised the Tongzhi Restoration, who helped keep the traditional values of Ancient China Cixi
32%
She was the only female emperor in all of Chinese history Wu Zetian
31%
Famous architect who made the Louvre Glass Pyramid, Dallas City Hall, Museum of Islamic Art and Suzhou Museum I. M. Pei
29%
Founded the Ming Dynasty and made many political reforms from Ancient China Zhu Yuanzhang
20%
Him, along with Du Fu, were the two central figures in the "Golden Age of Chinese Poetry" Li Bai
15%
Known as a ruthless tyrant who was criticized for the manipulation of Emperor Xian Cao Cao
11%
Diplomat & Explorer who initiated the start of the Silk Road Zhang Qian
9%
No matching quizzes found
Score Distribution
Percent of People with Each Score
Percentile by Number Answered
Your Score History
You have not taken this quiz